000
00286nam a2200109Ia 4500
008
230907s9999||||xx |||||||||||||| ||und||
082
_a
371.3344678
_b
KIP
100
_a
Kipp, Kristin,
_9
115623
245
0
_a
Teaching on the education frontier :
300
_a
xx, 228 pages :
942
_c
BK
999
_c
598984
_d
598984